Modern X86 Assembly Language Programming 3/e

Tallennettuna:
Bibliografiset tiedot
Päätekijä: Kusswurm
Aineistotyyppi: Kirja
Julkaistu: Apress
Tagit: Lisää tagi
Ei tageja, Lisää ensimmäinen tagi!

MARC

LEADER 00000nam a2200000Ia 4500
005 20260513122051.0
020 |a 9798868807046 
100 |a Kusswurm 
365 |c Rs. 
365 |b 20.00 
942 |c BK 
245 |a Modern X86 Assembly Language Programming 3/e 
260 |b Apress 
999 |c 51  |d 51 
952 |0 0  |1 0  |4 0  |7 0  |a UNSW  |b UNSW  |d 2026-04-29  |g 2795.00  |i 16671  |l 1  |p 000003  |r 2026-05-20 09:38:41  |s 2026-05-20  |v 2795.00  |w 2026-05-13  |y BK